| Record ID | marc_records_scriblio_net/part12.dat:86768504:423 |
| Source | Scriblio |
| Download Link | /show-records/marc_records_scriblio_net/part12.dat:86768504:423?format=raw |
LEADER: 00423cam 22001697i 4500
001 80112096
003 DLC
005 19980811134401.8
008 800326 1979 000 0 korr
010 $a 80112096
020 $aW1700
040 $aDLC$cDLC$dDLC
050 00 $aPL992.38.S5$bM58
100 10 $aKang, Sin-jae,$d1924-
245 10 $aMohŏm ŭi chip /$cKang Sin-jae.
260 $aSŏul : Pŏmjosa, 1979.
300 $a391 p. ; 21 cm.